[Event "59th World Juniors 2022"]
[Site "Cala Gonone ITA"]
[Date "2022.10.19"]
[Round "8.20"]
[White "Budisavljevic, Luka"]
[Black "Rohith, Krishna S"]
[Result "1-0"]
[WhiteTitle "GM"]
[BlackTitle "FM"]
[WhiteElo "2524"]
[BlackElo "2370"]
[WhiteFideId "960047"]
[BlackFideId "46617051"]
[EventDate "2022.10.12"]

1. Nf3 d5 2. c4 e6 3. b3 Nf6 4. Bb2 Be7 5. g3 O-O 6. Bg2 b6 7. cxd5 exd5 8. O-O
Bb7 9. e3 Nbd7 10. Nc3 Re8 11. Rc1 Bf8 12. Re1 c5 13. d4 a6 14. Re2 Rc8 15. dxc5
bxc5 16. Rec2 Nb6 17. Ne2 a5 18. Ba3 Nfd7 19. Nf4 Rc7 20. Nd3 c4 21. Bb2 a4 22.
Nd4 Qa8 23. Nf4 Rcc8 24. Nf5 g6 25. Nd4 Bg7 26. Nb5 cxb3 27. axb3 Rxc2 28. Qxc2
Rc8 29. Qb1 Bxb2 30. Rxc8+ Qxc8 31. Qxb2 axb3 32. Qxb3 Qc1+ 33. Bf1 Nc4 34. Qc3
Qb1 35. Nd4 Ba6 36. Qd3 Qe1 37. Nxd5 Nde5 38. Qe2 Qb1 39. f4 Nd2 40. Qxa6 Nec4
41. Qc8+ Kg7 42. Qh3 Qe1 43. g4 Ne4 44. Qf3 Ncd2 45. Qe2 Qc1 46. Nf3 f5 47. Nxd2
Nxd2 48. g5 Qc2 49. Bg2 Qc1+ 50. Kf2 h6 51. Qa6 Qb2 52. Qa7+ Kh8 53. Qd4+ Qxd4
54. exd4 hxg5 55. fxg5 1-0

[Event "59th World Juniors 2022"]
[Site "Cala Gonone ITA"]
[Date "2022.10.19"]
[Round "8.21"]
[White "Davtyan, Artur"]
[Black "Vestby-Ellingsen, Mads"]
[Result "1/2-1/2"]
[WhiteTitle "IM"]
[BlackTitle "IM"]
[WhiteElo "2517"]
[BlackElo "2365"]
[WhiteFideId "13308327"]
[BlackFideId "1520857"]
[EventDate "2022.10.12"]

1. d4 Nf6 2. c4 e6 3. Nf3 d5 4. g3 Be7 5. Bg2 O-O 6. O-O dxc4 7. Qc2 a6 8. a4
Bd7 9. Qxc4 Bc6 10. Bf4 Bd6 11. Qc1 a5 12. Nc3 Na6 13. Bg5 Bxf3 14. Bxf3 c6 15.
e4 e5 16. Rd1 exd4 17. Rxd4 Qe7 18. Rd2 Rfd8 19. Qc2 h6 20. Be3 Bc5 21. Re1 Bxe3
22. Rxe3 Nb4 23. Rxd8+ Rxd8 24. Qe2 Qe5 25. h3 Nd7 26. Qd2 Qf6 27. Bd1 Nc5 28.
Qe2 Qe5 29. Rf3 g6 30. Kg2 Rd7 31. h4 Nbd3 32. Re3 h5 33. Kg1 Kg7 34. Kg2 Qd4
35. e5 Re7 36. Ne4 Nxb2 37. Bc2 Rxe5 38. Nxc5 Rxc5 39. Re7 b5 40. Rb7 Re5 41.
Qf3 Qd5 42. Qxd5 Rxd5 43. Bb3 Rf5 44. axb5 cxb5 45. Be6 Rf6 46. Rxb5 Rxe6 47.
Rxb2 a4 48. Ra2 Ra6 49. Ra3 Kf6 50. Kf3 Ke5 51. Ke3 Kd5 52. Kd3 Ra7 53. Kc2 Ke4
54. Kb2 Kf5 55. f3 f6 56. Rc3 Rb7+ 57. Ka2 Rb3 58. Rc5+ Ke6 59. g4 hxg4 60. fxg4
Rb4 61. g5 fxg5 62. hxg5 Re4 63. Ka3 Re5 64. Rc4 Rxg5 65. Kxa4 Rg3 66. Rc5 g5
67. Kb4 Kf6 68. Kc4 Re3 69. Kd4 Re8 70. Kd3 g4 71. Kd2 g3 72. Rc3 Rg8 73. Rc1
Kg5 74. Ke2 Rf8 75. Rf1 Re8+ 76. Kf3 Rf8+ 77. Kg2 1/2-1/2

[Event "59th World Juniors 2022"]
[Site "Cala Gonone ITA"]
[Date "2022.10.19"]
[Round "8.22"]
[White "Yaniv, Yuval"]
[Black "Parkhov, Yair"]
[Result "0-1"]
[WhiteTitle "FM"]
[BlackTitle "IM"]
[WhiteElo "2359"]
[BlackElo "2484"]
[WhiteFideId "2823900"]
[BlackFideId "2813408"]
[EventDate "2022.10.12"]

1. e4 d6 2. d4 Nf6 3. Nc3 g6 4. Bg5 Bg7 5. Qd2 c6 6. f4 O-O 7. Bd3 Na6 8. Nf3 c5
9. d5 Qb6 10. Rb1 c4 11. Bxc4 Nc5 12. Bd3 Bg4 13. Ng1 Nh5 14. Nge2 e6 15. dxe6
fxe6 16. h3 Bxc3 17. Nxc3 Ng3 18. Rf1 Bh5 19. b4 Nxd3+ 20. Qxd3 Nxf1 21. Kxf1
Kg7 22. Na4 Qc7 23. Kg1 Rac8 24. g4 h6 25. Bh4 Qxc2 26. Qxc2 Rxc2 27. gxh5 b5
28. Nb2 Rxf4 29. Bg3 Rxe4 30. Bxd6 Rd2 31. Bc5 e5 32. Kf1 Rh4 33. a4 Rxh3 34.
Nd1 bxa4 35. Bxa7 a3 36. Ke1 a2 37. Ra1 Rc2 38. Nf2 Rb3 39. Kd1 Rxf2 40. Bxf2
Rb1+ 0-1

[Event "59th World Juniors 2022"]
[Site "Cala Gonone ITA"]
[Date "2022.10.19"]
[Round "8.23"]
[White "Gorshtein, Ido"]
[Black "Mladek, Richard"]
[Result "1-0"]
[WhiteTitle "IM"]
[BlackTitle "FM"]
[WhiteElo "2471"]
[BlackElo "2371"]
[WhiteFideId "2815532"]
[BlackFideId "386588"]
[EventDate "2022.10.12"]

1. c4 e6 2. g3 d5 3. Bg2 a6 4. b3 d4 5. Nf3 c5 6. O-O Ne7 7. e3 Nec6 8. exd4
cxd4 9. d3 Bd6 10. Ba3 O-O 11. Re1 Re8 12. Bxd6 Qxd6 13. Nbd2 Nd7 14. Rc1 Nc5
15. Ng5 h6 16. Nge4 Qf8 17. Nxc5 Qxc5 18. Ne4 Qa3 19. c5 Re7 20. Nd6 Bd7 21. f4
g6 22. Qd2 b5 23. f5 gxf5 24. Nxf5 exf5 25. Rxe7 Nxe7 26. Bxa8 Bc6 27. Bxc6 Nxc6
28. Qxh6 Ne5 29. Rf1 1-0

[Event "59th World Juniors 2022"]
[Site "Cala Gonone ITA"]
[Date "2022.10.19"]
[Round "8.24"]
[White "Andreev, Konstantin"]
[Black "Siddharth, Jagadeesh"]
[Result "1-0"]
[WhiteTitle "CM"]
[BlackTitle "IM"]
[WhiteElo "2206"]
[BlackElo "2415"]
[WhiteFideId "24239305"]
[BlackFideId "5818320"]
[EventDate "2022.10.12"]

1. e4 g6 2. d4 Bg7 3. Nc3 c6 4. Be3 d5 5. Qd2 dxe4 6. Nxe4 Nf6 7. Nxf6+ exf6 8.
O-O-O O-O 9. Bd3 Na6 10. Ne2 Re8 11. Kb1 b5 12. c3 Nc7 13. Bh6 Qd5 14. Nf4 Qd6
15. Bxg7 Kxg7 16. h4 h5 17. Rhe1 Bd7 18. Bc2 Nd5 19. Nxd5 Qxd5 20. f3 Bf5 21.
Bxf5 Qxf5+ 22. Qc2 Qf4 23. Re4 Qg3 24. Qe2 Rxe4 25. Qxe4 Qxg2 26. Qxc6 Qe2 27.
Kc1 Qe3+ 28. Kc2 Rb8 29. Qe4 Qf2+ 30. Rd2 Qf1 31. d5 b4 32. Qd3 Qa1 33. d6 Qxa2
34. d7 Qa4+ 35. Kc1 b3 36. Kd1 Rd8 37. c4 Qc6 38. Qd5 Qa6 39. Ke2 Qa4 40. c5
Qxh4 41. c6 Qh2+ 42. Kd3 Qg1 43. Qd6 Qf1+ 44. Kc3 Qxf3+ 45. Rd3 Qe2 46. c7 Qc2+
47. Kb4 a5+ 48. Kb5 Rxd7 49. Qxd7 Qxb2 50. c8=Q Qe5+ 51. Ka6 b2 52. Qcb7 Kh6 53.
Qxf7 Qe2 54. Qbd5 f5 55. Qd6 b1=Q 56. Qdxg6# 1-0

[Event "59th World Juniors 2022"]
[Site "Cala Gonone ITA"]
[Date "2022.10.19"]
[Round "8.25"]
[White "Brahami, Lamine"]
[Black "Veiga, Jose Francisco R P Neves"]
[Result "1/2-1/2"]
[WhiteTitle "IM"]
[BlackTitle "IM"]
[WhiteElo "2188"]
[BlackElo "2409"]
[WhiteFideId "7905637"]
[BlackFideId "1930087"]
[EventDate "2022.10.12"]

1. d4 Nf6 2. c4 g6 3. Nc3 Bg7 4. e4 d6 5. Be2 O-O 6. Be3 e5 7. d5 Nbd7 8. g4 Nc5
9. f3 a5 10. h4 h5 11. Bg5 Qd7 12. Qd2 hxg4 13. Bxf6 Bxf6 14. fxg4 Qe7 15. g5
Bg7 16. h5 f5 17. h6 Bh8 18. Nf3 fxe4 19. Nh4 Bf5 20. O-O-O Rf7 21. Qe3 Raf8 22.
Rdg1 Kh7 23. Kb1 Qe8 24. Ka1 Nd3 25. Nxe4 Nb4 26. Bd1 b5 27. a3 bxc4 28. axb4
axb4 29. Nxf5 Rxf5 30. Kb1 Qb5 31. Be2 Ra8 32. Nd2 Qa4 33. Bxc4 e4 34. Qb3 Rf2
35. Qxa4 Rxa4 36. Bb3 Ra5 37. Nc4 Rxd5 38. Re1 Rxg5 39. Rxe4 Bf6 40. Re8 d5 41.
Rc8 Rh5 42. Rxh5 gxh5 43. Rxc7+ Kxh6 44. Na5 Rxb2+ 45. Kc1 h4 46. Rc2 Rxc2+ 47.
Kxc2 d4 48. Nc6 1/2-1/2

[Event "59th World Juniors 2022"]
[Site "Cala Gonone ITA"]
[Date "2022.10.19"]
[Round "8.26"]
[White "Bournel, Antoine"]
[Black "Jakab, Bela"]
[Result "1-0"]
[WhiteTitle "FM"]
[BlackTitle "FM"]
[WhiteElo "2402"]
[BlackElo "2353"]
[WhiteFideId "26093553"]
[BlackFideId "14933128"]
[EventDate "2022.10.12"]

1. d4 d5 2. c4 e6 3. Nf3 Nf6 4. Nc3 Be7 5. Bf4 O-O 6. e3 Nbd7 7. c5 Nh5 8. Bd3
Nxf4 9. exf4 c6 10. O-O b6 11. b4 a5 12. a3 axb4 13. axb4 Rxa1 14. Qxa1 Qc7 15.
g3 Bb7 16. Qb2 Ra8 17. Re1 Bc8 18. h4 Qa7 19. Qc2 Nf8 20. Ne5 Qc7 21. Na4 b5 22.
Nb6 Ra6 23. Kg2 f6 24. Nf3 f5 25. Nxc8 Qxc8 26. Bxf5 Bf6 27. Bh3 Ra4 28. f5 exf5
29. Bxf5 Qa8 30. Qd2 h6 31. Ne5 Qb7 32. Ng6 Ra8 33. Qe3 Qf7 34. Nxf8 Kxf8 35.
Be6 Qg6 36. Qf4 Ra2 37. Qb8+ 1-0

[Event "59th World Juniors 2022"]
[Site "Cala Gonone ITA"]
[Date "2022.10.19"]
[Round "8.27"]
[White "Bettalli, Francesco"]
[Black "Neelash, Saha"]
[Result "0-1"]
[WhiteTitle "FM"]
[BlackTitle "IM"]
[WhiteElo "2267"]
[BlackElo "2446"]
[WhiteFideId "2816453"]
[BlackFideId "5094160"]
[EventDate "2022.10.12"]

1. e4 c6 2. d4 d5 3. exd5 cxd5 4. Bd3 Nc6 5. c3 Nf6 6. Bf4 Bg4 7. Qb3 e5 8. h3
Na5 9. Qc2 exf4 10. hxg4 Qe7+ 11. Kf1 Nxg4 12. Na3 Kd8 13. Re1 Qf6 14. b4 Nc6
15. Qe2 Qe6 16. Qf3 Qd7 17. Qxf4 Bd6 18. Qg5+ f6 19. Qh5 Ne7 20. Nf3 g6 21. Rxe7
Kxe7 22. Qxh7+ Rxh7 23. Rxh7+ Ke6 24. Rxd7 Kxd7 25. Bxg6 Nh6 26. Nb1 f5 27. Bh5
a5 28. b5 a4 29. Nfd2 Ng4 30. c4 Bb4 31. Bf7 dxc4 32. Nxc4 Ke7 33. Bd5 Rd8 34.
Bxb7 Rxd4 35. Nca3 Rd1+ 36. Ke2 Re1+ 37. Kd3 Ne5+ 38. Kd4 Kd6 39. f4 Rd1+ 40.
Ke3 Ng4+ 41. Ke2 Re1+ 42. Kd3 Kc5 0-1

[Event "59th World Juniors 2022"]
[Site "Cala Gonone ITA"]
[Date "2022.10.19"]
[Round "8.28"]
[White "Boyer, Mahel"]
[Black "Gaal, Zsoka"]
[Result "1-0"]
[WhiteTitle "IM"]
[BlackTitle "WIM"]
[WhiteElo "2445"]
[BlackElo "2298"]
[WhiteFideId "45102422"]
[BlackFideId "777765"]
[EventDate "2022.10.12"]

1. e4 c6 2. d4 d5 3. e5 Bf5 4. h4 h5 5. Bd3 Bxd3 6. Qxd3 Qa5+ 7. Nd2 e6 8. Nf3
Nh6 9. O-O Nf5 10. a4 Nd7 11. Nb3 Qa6 12. Qc3 Rc8 13. Bg5 c5 14. Nxc5 Bxc5 15.
b4 b6 16. dxc5 bxc5 17. b5 Qb7 18. Qd3 c4 19. Qe2 Nc5 20. Nd2 c3 21. Nf3 Ne4 22.
Be3 Rc4 23. Rfd1 O-O 24. Nd4 Nxe3 25. Qxe3 Nd2 26. Nc6 Qc7 27. g3 d4 28. Qe2
Rxc6 29. bxc6 Qxc6 30. Rxd2 cxd2 31. Qxd2 Qd5 32. Rd1 Rd8 33. Qe2 g6 34. Qb5 Qe4
35. Rd3 Kg7 36. Qc5 Qe1+ 37. Kg2 Qe4+ 38. Kh2 Rd5 39. Qxa7 Qe2 40. Kg2 Rxe5 41.
Qxd4 Kh7 42. Rf3 Rf5 43. Rxf5 exf5 44. c4 Qe8 45. a5 Kg8 46. Kh2 Qa4 47. Qd8+
Kg7 48. Qd4+ Kg8 49. Qd8+ Kg7 50. Qc7 Qc2 51. Qc5 Qa2 52. Kg2 Kg8 53. Qc8+ Kg7
54. a6 f4 55. gxf4 Qe2 56. a7 Qe4+ 57. Kg3 g5 58. a8=Q gxh4+ 59. Kh3 Qd3+ 60.
Kh2 1-0

[Event "59th World Juniors 2022"]
[Site "Cala Gonone ITA"]
[Date "2022.10.19"]
[Round "8.29"]
[White "Carlo, Emanuele"]
[Black "Baenziger, Fabian"]
[Result "1-0"]
[WhiteTitle "FM"]
[BlackTitle "IM"]
[WhiteElo "2306"]
[BlackElo "2439"]
[WhiteFideId "2825380"]
[BlackFideId "1330110"]
[EventDate "2022.10.12"]

1. e4 c5 2. Nf3 d6 3. d4 cxd4 4. Nxd4 Nf6 5. Nc3 a6 6. a4 e5 7. Nf3 Be7 8. Bg5
Be6 9. Bxf6 Bxf6 10. Nd5 Nd7 11. Bc4 Rc8 12. b3 Rc5 13. O-O O-O 14. Qd3 b5 15.
axb5 axb5 16. Nxf6+ Nxf6 17. Bxe6 fxe6 18. Ra6 d5 19. b4 Rc8 20. Ng5 dxe4 21.
Qg3 Qd5 22. Nxe6 Rf7 23. Nc5 Rcf8 24. h3 Re7 25. Rfa1 Qd2 26. Rxf6 Rxf6 27. Nxe4
Qf4 28. Nxf6+ Qxf6 29. Qd3 Qc6 30. Ra5 e4 31. Qxb5 1-0

[Event "59th World Juniors 2022"]
[Site "Cala Gonone ITA"]
[Date "2022.10.19"]
[Round "8.30"]
[White "Guz, Ari"]
[Black "Moksh, Amit Doshi"]
[Result "0-1"]
[WhiteTitle "FM"]
[BlackTitle "IM"]
[WhiteElo "2305"]
[BlackElo "2430"]
[WhiteFideId "2825759"]
[BlackFideId "25064967"]
[EventDate "2022.10.12"]

1. Nf3 c5 2. c4 Nf6 3. Nc3 Nc6 4. d4 cxd4 5. Nxd4 e6 6. g3 d5 7. Bg2 Bc5 8. Nxc6
bxc6 9. O-O O-O 10. Qa4 Bb7 11. Bf4 Qe7 12. Rac1 h6 13. e4 e5 14. exd5 exf4 15.
dxc6 Bc8 16. a3 fxg3 17. hxg3 Ng4 18. b4 Bd4 19. Nb5 Be5 20. c7 Bxg3 21. Rc3 Qh4 0-1

[Event "59th World Juniors 2022"]
[Site "Cala Gonone ITA"]
[Date "2022.10.19"]
[Round "8.31"]
[White "Ansat, Aldiyar"]
[Black "Barseghyan, Armen Ar."]
[Result "0-1"]
[WhiteTitle "IM"]
[BlackTitle "IM"]
[WhiteElo "2262"]
[BlackElo "2402"]
[WhiteFideId "13715658"]
[BlackFideId "13306707"]
[EventDate "2022.10.12"]

1. e4 c5 2. Nf3 Nc6 3. Bb5 g6 4. O-O Bg7 5. c3 Nf6 6. Re1 a6 7. Bxc6 dxc6 8. h3
O-O 9. d4 cxd4 10. cxd4 c5 11. d5 b5 12. Nc3 Bb7 13. Bf4 c4 14. Be5 Bh6 15. Nh2
Re8 16. a3 Nd7 17. Bd4 e5 18. dxe6 Rxe6 19. Qc2 Qe7 20. Ng4 Bf8 21. Qd2 h5 22.
Nd5 Bxd5 23. exd5 Re4 24. f3 Rxd4 25. Qxd4 Qxe1+ 26. Rxe1 Bc5 27. Nf6+ Kg7 28.
Nxh5+ Kf8 29. Qxc5+ Nxc5 30. Nf6 Nd3 31. Re2 Rd8 32. g4 g5 33. h4 gxh4 34. g5
Kg7 35. d6 Nf4 36. Re5 Nh3+ 37. Kg2 Nxg5 38. Ne8+ Kf8 39. Nc7 h3+ 40. Kg3 h2 41.
Kg2 Nxf3 42. Rd5 Kg7 43. Rd1 Ne5 44. Kxh2 Nd3 45. Rd2 Kg6 46. Nxa6 Rxd6 47. Nc7
Rb6 48. Kg3 b4 49. Nd5 bxa3 50. bxa3 Rb3 51. Kh4 Ne5 52. Re2 f6 53. Rf2 Kg7 54.
a4 Rd3 55. Nxf6 c3 56. Ne8+ Kg6 57. Rf6+ Kh7 58. Re6 c2 59. Nf6+ Kg7 0-1

[Event "59th World Juniors 2022"]
[Site "Cala Gonone ITA"]
[Date "2022.10.19"]
[Round "8.32"]
[White "Chukavin, Kirill"]
[Black "Tan, Jun Ying"]
[Result "0-1"]
[WhiteTitle "FM"]
[BlackTitle "CM"]
[WhiteElo "2384"]
[BlackElo "2189"]
[WhiteFideId "4503023"]
[BlackFideId "5710413"]
[EventDate "2022.10.12"]

1. e4 c5 2. Nf3 Nc6 3. Bb5 d6 4. O-O Bd7 5. Re1 Nf6 6. c3 a6 7. Bf1 Bg4 8. h3
Bxf3 9. Qxf3 e6 10. d3 Be7 11. Nd2 O-O 12. Qd1 d5 13. e5 Nd7 14. Nf3 b5 15. d4
c4 16. g3 b4 17. h4 Qa5 18. Qc2 Rfb8 19. Ng5 Nf8 20. Re3 bxc3 21. bxc3 Ba3 22.
Rf3 Ra7 23. h5 h6 24. Nh3 Bxc1 25. Qxc1 Nh7 26. g4 Qd8 27. Rb1 Rb5 28. Rg3 Ng5
29. a4 Rxb1 30. Qxb1 Ne4 31. Re3 Na5 32. Bg2 Rb7 33. Qc1 Nb3 34. Qe1 Nbd2 35.
Bxe4 Nxe4 36. Kg2 Rb2 37. Rxe4 dxe4 38. Qxe4 Qd5 39. Qxd5 exd5 40. Nf4 Ra2 41.
Nxd5 Rxa4 42. Kf3 Ra2 43. Ke4 Rxf2 44. Ne3 a5 45. Nxc4 a4 46. d5 Rg2 47. d6 Kf8
48. Kd5 Ke8 49. Kc6 Kd8 50. e6 fxe6 51. d7 a3 52. Nd6 Rd2 53. c4 Rxd6+ 54. Kxd6
a2 0-1

[Event "59th World Juniors 2022"]
[Site "Cala Gonone ITA"]
[Date "2022.10.19"]
[Round "8.33"]
[White "Nemeth, Zalan"]
[Black "Stremavicius, Pijus"]
[Result "0-1"]
[BlackTitle "FM"]
[WhiteElo "2247"]
[BlackElo "2363"]
[WhiteFideId "2512041"]
[BlackFideId "12812730"]
[EventDate "2022.10.12"]

1. d4 e6 2. c4 f5 3. a3 Nf6 4. Nc3 b6 5. Bf4 Bb7 6. e3 g6 7. Nf3 Bg7 8. Be2 O-O
9. h4 Nh5 10. Be5 Bh6 11. g3 d6 12. Bf4 Bg7 13. Rh3 Qe8 14. Nb5 Na6 15. Bxd6
cxd6 16. Nxd6 Qd7 17. Nxb7 Qxb7 18. Ng5 Qe7 19. Bxh5 gxh5 20. Qxh5 h6 21. Nf3
Rac8 22. Nd2 e5 23. d5 Nc5 24. Ke2 e4 25. Rg1 Nd3 26. f4 Nxb2 27. g4 Qf7 28.
Qxf7+ Kxf7 29. gxf5 Rfe8 30. Rhg3 Bf8 31. Rc1 b5 32. Rb1 Na4 33. Rc1 Nb6 34. Rg6
Nxc4 35. Nxc4 bxc4 36. Rc6 Rxc6 37. dxc6 Kf6 38. Rxc4 Kxf5 39. Ra4 Re7 40. Ra5+
Kg4 41. Re5 Rc7 42. f5 Bxa3 43. Rxe4+ Kxf5 44. Rc4 Ke5 45. Kd3 Be7 46. h5 Kd6
47. Ra4 Bg5 48. Ra6 Kc5 49. e4 Kb5 50. Ra2 Kxc6 51. e5 Kd5 52. Ra5+ Rc5 53. Rxa7
Kxe5 54. Ke2 Kf4 55. Ra4+ Kg3 56. Ra1 Rc2+ 57. Kf1 Kf3 58. Re1 Rf2+ 59. Kg1 Ra2
60. Kh1 Be3 61. Re2 Ra1+ 0-1

[Event "59th World Juniors 2022"]
[Site "Cala Gonone ITA"]
[Date "2022.10.19"]
[Round "8.34"]
[White "Oye-Stromberg, Alexander"]
[Black "Galaviz Medina, Sion Radamantys"]
[Result "0-1"]
[WhiteTitle "FM"]
[BlackTitle "IM"]
[WhiteElo "2233"]
[BlackElo "2345"]
[WhiteFideId "1525999"]
[BlackFideId "5123119"]
[EventDate "2022.10.12"]

1. e4 c5 2. Nf3 d6 3. d4 cxd4 4. Nxd4 Nf6 5. Nc3 a6 6. Bg5 e6 7. f4 Qb6 8. a3
Nc6 9. Nb3 Be7 10. Qd2 h6 11. Bh4 Ng4 12. Bxe7 Kxe7 13. h3 Qe3+ 14. Qxe3 Nxe3
15. Kd2 Nxf1+ 16. Rhxf1 h5 17. Ke3 Bd7 18. Rf2 Rhg8 19. h4 Rac8 20. Rd1 Rgd8 21.
Rfd2 Be8 22. Ne2 g6 23. Ned4 b6 24. g3 Nb8 25. Nf3 Bc6 26. Nbd4 Bb7 27. e5 dxe5
28. Nxe5 Rg8 29. Ne2 Rc7 30. Rd6 f6 31. Nf3 Nd7 32. Nc3 b5 33. R6d2 Nb6 0-1

[Event "59th World Juniors 2022"]
[Site "Cala Gonone ITA"]
[Date "2022.10.19"]
[Round "8.35"]
[White "Winkelman, Albert"]
[Black "Abdurakhmonov, Mukhammadali"]
[Result "0-1"]
[WhiteTitle "FM"]
[BlackTitle "FM"]
[WhiteElo "2229"]
[BlackElo "2345"]
[WhiteFideId "3219941"]
[BlackFideId "14207346"]
[EventDate "2022.10.12"]

1. e4 c5 2. Nf3 e6 3. d4 cxd4 4. Nxd4 a6 5. c4 Nf6 6. Nc3 Qc7 7. a3 b6 8. Be3
Bb7 9. f3 d6 10. Be2 Nbd7 11. Rc1 Be7 12. O-O O-O 13. Qd2 Rac8 14. Rfd1 Qb8 15.
Bf1 Bd8 16. Qf2 Bc7 17. g3 Rfe8 18. b4 Ne5 19. Nb3 Ba8 20. h3 Ng6 21. g4 d5 22.
cxd5 Bg3 23. Qd2 Nh4 24. Bg2 Rcd8 25. f4 exd5 26. Ne2 Nxe4 27. Bxe4 dxe4 28. Qc3
Nf3+ 29. Kg2 Rd3 30. Rxd3 exd3 31. Nxg3 Nd4+ 32. Kf2 Qb7 33. Qxd4 Qf3+ 34. Ke1
Rxe3+ 35. Kd2 Qf2+ 0-1

[Event "59th World Juniors 2022"]
[Site "Cala Gonone ITA"]
[Date "2022.10.19"]
[Round "8.36"]
[White "Johannsson, Birkir Isak"]
[Black "Utsab, Chatterjee"]
[Result "1/2-1/2"]
[WhiteElo "2165"]
[BlackElo "2345"]
[WhiteFideId "2314673"]
[BlackFideId "46609148"]
[EventDate "2022.10.12"]

1. Nf3 d5 2. d4 Nf6 3. c4 e6 4. g3 Be7 5. Bg2 O-O 6. Nc3 dxc4 7. Ne5 c5 8. dxc5
Qxd1+ 9. Nxd1 Bxc5 10. O-O Nd5 11. Nxc4 Nc6 12. Be3 Be7 13. Bd2 Rd8 14. Nc3 Nd4
15. Rae1 b6 16. Ne3 Ba6 17. Nexd5 exd5 18. Be3 Nc2 19. Rd1 Nxe3 20. fxe3 Rac8
21. Bxd5 Bf6 22. Rd2 Bxc3 23. Bxf7+ Kh8 24. Rxd8+ Rxd8 25. bxc3 Bxe2 26. Rf2 Bg4
27. Bb3 g5 28. e4 Rc8 29. Rf7 Rxc3 30. Rxa7 Re3 31. Rf7 Rxe4 32. Rf8+ Kg7 33.
Rf7+ 1/2-1/2

[Event "59th World Juniors 2022"]
[Site "Cala Gonone ITA"]
[Date "2022.10.19"]
[Round "8.38"]
[White "Ramoutar, Alan-Safar"]
[Black "Stankovic, Dragan"]
[Result "0-1"]
[WhiteTitle "IM"]
[WhiteElo "2449"]
[BlackElo "2181"]
[WhiteFideId "7704224"]
[BlackFideId "14408740"]
[EventDate "2022.10.12"]

1. e4 c6 2. d4 d5 3. e5 Bf5 4. h4 h5 5. Bd3 Bxd3 6. Qxd3 e6 7. Nf3 Ne7 8. Bg5
Qb6 9. Nbd2 Qa6 10. c4 Nd7 11. O-O Nf5 12. Qc3 dxc4 13. Nxc4 Nb6 14. Ne3 Ne7 15.
Nd2 Ned5 16. Nxd5 Nxd5 17. Qf3 Qb6 18. Be3 Qd8 19. g3 Be7 20. Ne4 g6 21. Bg5 O-O
22. g4 hxg4 23. Qxg4 Bxg5 24. Nxg5 Ne7 25. h5 Kg7 26. Kg2 Qd5+ 27. f3 Nf5 28.
Rae1 Rh8 29. Rh1 Qxd4 30. Qxd4 Nxd4 31. Rd1 c5 32. b4 b6 33. bxc5 bxc5 34. h6+
Rxh6 35. Rxh6 Kxh6 36. Nxf7+ Kg7 37. Ng5 Rb8 38. Rc1 Rb2+ 39. Kh3 Kh6 40. f4 Ne2
41. Rf1 Nxf4+ 42. Kh4 Ng2+ 0-1

[Event "59th World Juniors 2022"]
[Site "Cala Gonone ITA"]
[Date "2022.10.19"]
[Round "8.39"]
[White "Kanyamarala, Tarun"]
[Black "Hercegovac, Neven"]
[Result "0-1"]
[WhiteTitle "IM"]
[WhiteElo "2407"]
[BlackElo "2175"]
[WhiteFideId "45004714"]
[BlackFideId "2839135"]
[EventDate "2022.10.12"]

1. d4 Nf6 2. Nf3 g6 3. Nc3 d5 4. Bf4 Bg7 5. Nb5 Na6 6. e3 O-O 7. h3 c6 8. Nc3
Nc7 9. Bd3 Nce8 10. O-O Nd6 11. a4 a5 12. Ne5 Bf5 13. Bxf5 Nxf5 14. Ne2 Nd7 15.
Nd3 Re8 16. Ng3 Nxg3 17. Bxg3 e5 18. c3 e4 19. Nf4 f5 20. c4 dxc4 21. Qc2 Nb6
22. b3 g5 23. Nh5 Qd5 24. Rab1 Re7 25. Rfc1 cxb3 26. Rxb3 Nxa4 27. Qc4 Qxc4 28.
Rxc4 b5 29. Rxc6 b4 30. h4 f4 31. exf4 Bxd4 32. Nf6+ Bxf6 33. Rxf6 Nc5 34. Rb1
a4 35. Rf5 Nd3 36. fxg5 a3 37. Rb5 a2 38. Ra1 Re6 39. Kh2 Rc6 40. h5 Rc5 41.
Rxc5 Nxc5 42. Be5 Nd3 43. Bf6 b3 44. f4 e3 45. g6 hxg6 46. hxg6 e2 0-1

[Event "59th World Juniors 2022"]
[Site "Cala Gonone ITA"]
[Date "2022.10.19"]
[Round "8.40"]
[White "Sitbon, Itay"]
[Black "Milosevic, Milos"]
[Result "0-1"]
[BlackTitle "FM"]
[WhiteElo "2133"]
[BlackElo "2379"]
[WhiteFideId "2820706"]
[BlackFideId "964875"]
[EventDate "2022.10.12"]

1. d4 Nf6 2. c4 c5 3. d5 e6 4. Nc3 exd5 5. cxd5 d6 6. e4 g6 7. f4 Bg7 8. Bb5+
Nfd7 9. a4 O-O 10. Nf3 Na6 11. O-O Nb4 12. a5 a6 13. Be2 Re8 14. Kh1 b5 15. axb6
Nxb6 16. Ra3 f5 17. e5 Bb7 18. Ng5 dxe5 19. Ne6 Qd6 20. Nxg7 Kxg7 21. fxe5 Qxe5
22. Bf4 Qd4 23. Qc1 N6xd5 24. Nxd5 Rxe2 25. Bh6+ Kf7 26. Nf4 Rc2 27. Qe1 Re8 28.
Qg3 Qxb2 29. Re3 Rc1 30. Ree1 Rexe1 31. Rxe1 Rxe1+ 32. Qxe1 Be4 33. Ne2 Nd3 34.
Qf1 Qb4 35. Be3 c4 36. Bd4 Qe1 37. Kg1 Qxf1+ 38. Kxf1 Ke6 39. Nc3 Nb4 40. g3 Nc6
41. Bb6 Nb4 42. Ba5 Nd5 43. Na4 Kd6 44. Ke2 Kc6 45. Nc3 Bd3+ 46. Kd2 Nf6 47. Bb4
Ne4+ 48. Ke3 Nxc3 49. Bxc3 Kb5 50. Kd2 a5 51. Kc1 a4 52. Kb2 Kc5 53. Ka3 Bc2 54.
h4 Kd5 55. Kb4 Bb3 56. Bd2 Ke4 57. Kc3 a3 58. Bh6 a2 59. Kb2 Kf3 60. Bf4 c3+ 61.
Ka1 Kg4 62. h5 Kxh5 63. g4+ Kxg4 64. Bg5 h5 65. Bh4 c2 66. Bg5 Kxg5 0-1

[Event "59th World Juniors 2022"]
[Site "Cala Gonone ITA"]
[Date "2022.10.19"]
[Round "8.41"]
[White "Gagic, Milan A"]
[Black "Martins, Bruno Andre Leite"]
[Result "0-1"]
[BlackTitle "FM"]
[WhiteElo "2125"]
[BlackElo "2306"]
[WhiteFideId "979805"]
[BlackFideId "1942255"]
[EventDate "2022.10.12"]

1. e4 e6 2. d4 d5 3. Nc3 Nf6 4. e5 Nfd7 5. f4 c5 6. Nf3 Nc6 7. Be3 a6 8. Qd2 b5
9. Nd1 cxd4 10. Nxd4 Nxd4 11. Bxd4 Bc5 12. Ne3 O-O 13. O-O-O Qc7 14. Kb1 b4 15.
h4 a5 16. h5 a4 17. h6 g6 18. Rh3 Ba6 19. Bxa6 Rxa6 20. Bxc5 Nxc5 21. Ng4 Ne4
22. Nf6+ Nxf6 23. exf6 Rc6 24. Rd3 Rc8 25. Rc1 Rc4 26. Rd4 Qb8 27. Re1 Rxc2 28.
Qxc2 Rxc2 29. Kxc2 Kf8 30. g4 Qb6 31. Red1 Ke8 32. g5 Kd7 33. Kb1 Kd6 34. R4d2
Qe3 35. Rd4 Kc5 36. f5 Qxg5 37. fxe6 Qf5+ 38. Ka1 fxe6 39. R4d2 Qxf6 40. Rc1+
Kd6 41. Rdc2 Qf4 42. Rc6+ Kd7 43. R6c5 g5 44. Rh1 g4 45. Rc2 Qe4 46. Rhc1 g3 47.
Rc7+ Kd6 48. Rg7 Qe3 49. Kb1 g2 50. Rd1 Qe2 51. Rc1 a3 52. Rc2 Qf1+ 53. Rc1 Qf2 0-1